[Event "SC Erlangen 48/88 e.V. 2-SG Büchenbach/R"]
[Site "?"]
[Date "2012.12.02"]
[Round "4.1"]
[White "Hofer, Markus"]
[Black "Martin Fernandez, Rodrigo"]
[Result "1/2-1/2"]
[WhiteElo "2135"]
[BlackElo "2082"]
[PlyCount "63"]
[EventDate "2012.??.??"]
[WhiteTeam "SG Büchenbach/Roth e.V. 1"]
[BlackTeam "SC Erlangen 48/88 e.V. 2"]

1. d4 Nf6 2. c4 c5 3. d5 b5 4. cxb5 a6 5. bxa6 d6 6. Nc3 Bxa6 7. e4 Bxf1 8.
Kxf1 g6 9. Nf3 Bg7 10. g3 O-O 11. Kg2 Nbd7 12. h3 Qa5 13. Qc2 Rfb8 14. Re1 Ne8
15. Bg5 Rxb2 16. Qxb2 Bxc3 17. Qb7 Qa7 18. Qxa7 Rxa7 19. e5 Nxe5 20. Nxe5 dxe5
21. Be3 Ra5 22. Rab1 Bxe1 23. Rb8 Kg7 24. Rxe8 c4 25. Rxe7 Rxd5 26. Rc7 c3 27.
Kf1 Bd2 28. Ke2 Ra5 29. Bxd2 cxd2 30. Rc2 f5 31. Kxd2 Ra3 32. Ke2 1/2-1/2

[Event "SC Erlangen 48/88 e.V. 2-SG Büchenbach/R"]
[Site "?"]
[Date "2012.12.02"]
[Round "4.2"]
[White "Walter, Thomas"]
[Black "Vasilache, Catalin"]
[Result "1-0"]
[WhiteElo "2084"]
[BlackElo "1977"]
[PlyCount "73"]
[EventDate "2012.??.??"]
[WhiteTeam "SC Erlangen 48/88 e.V. 2"]
[BlackTeam "SG Büchenbach/Roth e.V. 1"]

1. e4 c6 2. d4 d5 3. Nc3 dxe4 4. Nxe4 Nd7 5. Bc4 e6 6. Bg5 Ngf6 7. Nxf6+ Nxf6
8. Nf3 Be7 9. Qe2 Nd5 10. Bxe7 Qxe7 11. O-O O-O 12. Bb3 Qf6 13. c4 Ne7 14. Rad1
b6 15. Ne5 Rd8 16. f4 Bb7 17. Ng4 Qh4 18. Bc2 Nf5 19. g3 Qh3 20. Be4 Nxd4 21.
Rxd4 Qxf1+ 22. Kxf1 Rxd4 23. Ne5 Rad8 24. Bxh7+ Kf8 25. Qh5 Rd1+ 26. Ke2 R8d2+
27. Ke3 g6 28. Bxg6 fxg6 29. Qh8+ Ke7 30. Qg7+ Kd6 31. Qd7+ Kc5 32. Qe7+ Rd6
33. a3 a5 34. Qxb7 g5 35. Qe7 gxf4+ 36. gxf4 b5 37. Qa7# 1-0

[Event "SC Erlangen 48/88 e.V. 2-SG Büchenbach/R"]
[Site "?"]
[Date "2012.12.02"]
[Round "4.4"]
[White "Nehls, Benedikt"]
[Black "Margraf, Matthias"]
[Result "1/2-1/2"]
[WhiteElo "1970"]
[BlackElo "1969"]
[PlyCount "71"]
[EventDate "2012.??.??"]
[WhiteTeam "SC Erlangen 48/88 e.V. 2"]
[BlackTeam "SG Büchenbach/Roth e.V. 1"]

1. Nf3 Nc6 2. d4 d5 3. c4 Bg4 4. Nc3 Nf6 5. Bg5 Ne4 6. Bh4 Nxc3 7. bxc3 dxc4 8.
e4 b5 9. a4 a6 10. Be2 Na5 11. axb5 axb5 12. O-O Nb3 13. Rxa8 Qxa8 14. Ne5 Bxe2
15. Qxe2 f6 16. Qh5+ g6 17. Nxg6 hxg6 18. Qxh8 Qxe4 19. Bg3 Qd3 20. Qg8 b4 21.
cxb4 Nxd4 22. Ra1 Ne2+ 23. Kh1 Qd4 24. Qxg6+ Kd7 25. Qf5+ e6 26. Qb5+ Ke7 27.
Qa5 Kf7 28. Qh5+ Kg7 29. Re1 Bxb4 30. Rb1 Qd3 31. Qg4+ Kf7 32. Qh5+ Ke7 33. Ra1
Bc3 34. Qc5+ Kf7 35. Qh5+ Kg7 36. Qg4+ 1/2-1/2

[Event "SC Erlangen 48/88 e.V. 2-SG Büchenbach/R"]
[Site "?"]
[Date "2012.12.02"]
[Round "4.5"]
[White "Braun, Michael"]
[Black "Petzold, Vinzenz"]
[Result "1/2-1/2"]
[WhiteElo "1896"]
[BlackElo "1994"]
[PlyCount "88"]
[EventDate "2012.??.??"]
[WhiteTeam "SG Büchenbach/Roth e.V. 1"]
[BlackTeam "SC Erlangen 48/88 e.V. 2"]

1. c4 e5 2. g3 Nf6 3. Bg2 d5 4. cxd5 Nxd5 5. Nc3 Nb6 6. e3 Nc6 7. Nge2 Be7 8.
d4 exd4 9. Nxd4 Nxd4 10. Qxd4 O-O 11. O-O Bf6 12. Qxd8 Rxd8 13. Ne4 Be7 14. b3
f5 15. Nd2 c6 16. Nf3 Bf6 17. Rb1 f4 18. e4 fxg3 19. hxg3 Bg4 20. Bb2 Bxb2 21.
Rxb2 Bxf3 22. Bxf3 Rd3 23. Be2 Rd4 24. f3 Rad8 25. Kf2 h6 26. Ke3 Kf8 27. Rc1
R4d6 28. f4 Re8 29. e5 Rd5 30. Bf3 Rd7 31. Rcc2 Red8 32. Rd2 Ke7 33. Bg4 Rd5
34. Rxd5 Nxd5+ 35. Kf3 Nb4 36. Bf5 Rd1 37. Re2 Nd5 38. Rc2 Rf1+ 39. Ke2 Rg1 40.
Kf2 Rh1 41. Kf3 Rf1+ 42. Ke2 Rg1 43. Kf2 Rh1 44. Kf3 Rf1+ 1/2-1/2

[Event "SC Erlangen 48/88 e.V. 2-SG Büchenbach/R"]
[Site "?"]
[Date "2012.12.02"]
[Round "4.6"]
[White "Brumm, Carsten"]
[Black "Adler, Herbert"]
[Result "1-0"]
[WhiteElo "2119"]
[BlackElo "1902"]
[PlyCount "87"]
[EventDate "2012.??.??"]
[WhiteTeam "SC Erlangen 48/88 e.V. 2"]
[BlackTeam "SG Büchenbach/Roth e.V. 1"]

1. e4 e6 2. d4 d5 3. e5 b6 4. c3 Qd7 5. Nf3 Ne7 6. Na3 Ba6 7. Bxa6 Nxa6 8. O-O
h5 9. Qe2 Nb8 10. b4 Nf5 11. Nc2 c5 12. dxc5 bxc5 13. Rd1 Nc6 14. a3 Rd8 15.
Ne3 Nh6 16. h3 Be7 17. b5 Na5 18. Rb1 Qb7 19. Bd2 c4 20. Nd4 g6 21. a4 Nf5 22.
Nec2 Qc7 23. Bc1 Nxd4 24. Nxd4 Rb8 25. Re1 Kf8 26. Qa2 Kg7 27. Ba3 Rhc8 28. Qb2
Bc5 29. Bxc5 Qxc5 30. Qb4 Qc7 31. Re3 Rb7 32. Rf3 Qb6 33. Rf6 Rbc7 34. Re1 Nb7
35. Qb1 Nc5 36. Re3 Nd3 37. Nxe6+ fxe6 38. Rxd3 cxd3 39. Qxd3 Kg8 40. Qxg6+ Rg7
41. Qxh5 d4 42. Rh6 Kf8 43. Rh8+ Ke7 44. Rxc8 1-0

[Event "SC Erlangen 48/88 e.V. 2-SG Büchenbach/R"]
[Site "?"]
[Date "2012.12.02"]
[Round "4.7"]
[White "Dietrich, Jochen"]
[Black "Dürr, Florian"]
[Result "0-1"]
[WhiteElo "1881"]
[BlackElo "1974"]
[PlyCount "104"]
[EventDate "2012.??.??"]
[WhiteTeam "SG Büchenbach/Roth e.V. 1"]
[BlackTeam "SC Erlangen 48/88 e.V. 2"]

1. Nf3 Nf6 2. g3 g6 3. Bg2 Bg7 4. O-O c5 5. d3 Nc6 6. c4 O-O 7. Nc3 a6 8. e3 d6
9. h3 Rb8 10. Nd2 Bd7 11. Rb1 b5 12. cxb5 axb5 13. a4 bxa4 14. Nxa4 Nb4 15. Nc4
Nxd3 16. Qxd3 Bxa4 17. Re1 Bb5 18. Qc2 Qc7 19. Bd2 Bc6 20. e4 Ra8 21. Bc3 Nd7
22. Ne3 Rfb8 23. Kh2 Ra2 24. Nd1 Qb7 25. Re2 Ba4 26. Qd2 Bxd1 27. Rxd1 Ne5 28.
Rb1 Qb3 29. Ree1 Nc4 30. Qc1 Bxc3 31. bxc3 Qxb1 32. Qxb1 Rxb1 33. Rxb1 Rxf2 34.
Kg1 Rc2 35. Rb3 Nd2 36. Ra3 Nb1 37. Ra7 e6 38. Rd7 Rd2 39. Rd8+ Kg7 40. c4 Rd4
41. Rd7 Nd2 42. e5 dxe5 43. Rc7 Rxc4 44. Bc6 e4 45. Be8 Nf3+ 46. Kf2 Ne5 47.
Ke3 Kf6 48. g4 g5 49. Bb5 Rc3+ 50. Kxe4 Rxh3 51. Rxc5 Rg3 52. Be2 Nxg4 0-1

[Event "SC Erlangen 48/88 e.V. 2-SG Büchenbach/R"]
[Site "?"]
[Date "2012.12.02"]
[Round "4.8"]
[White "Adelhütte, Dennis"]
[Black "Roß, Thomas"]
[Result "0-1"]
[WhiteElo "1924"]
[BlackElo "1989"]
[PlyCount "96"]
[EventDate "2012.??.??"]
[WhiteTeam "SC Erlangen 48/88 e.V. 2"]
[BlackTeam "SG Büchenbach/Roth e.V. 1"]

1. d4 d6 2. c4 e5 3. e3 Nf6 4. Nf3 Nbd7 5. Nc3 Be7 6. Bd3 c6 7. O-O a6 8. a4 a5
9. b3 O-O 10. Ba3 Re8 11. Qc2 Qc7 12. Rad1 Nf8 13. dxe5 dxe5 14. Bxe7 Qxe7 15.
Ng5 Bg4 16. f3 Bh5 17. Nce4 Nxe4 18. Nxe4 Bg6 19. Rd2 Rad8 20. Rfd1 Ne6 21. Qc3
Bxe4 22. Bxe4 Rxd2 23. Rxd2 Qb4 24. Qd3 g6 25. Qe2 Qxb3 26. Bc2 Qb6 27. Rd1 Rd8
28. Rb1 Qa7 29. g3 Qb8 30. Be4 Qc7 31. Qb2 Nc5 32. Qa3 Na6 33. Qc3 Nb4 34. Bc2
Qe7 35. Kg2 Qc5 36. Rd1 Rxd1 37. Bxd1 Nd5 38. Qd2 Nxe3+ 39. Kh3 Nxd1 40. Qxd1
Qxc4 41. Qd8+ Kg7 42. Qxa5 Qf1+ 43. Kg4 h5+ 44. Kh4 Qxf3 45. Kh3 Qf1+ 46. Kh4
Qe2 47. h3 Kh6 48. Qd8 Qe4+ 0-1

[Event "SC Noris-Tarrasch N 1873 e.V. 3-SC Postb"]
[Site "?"]
[Date "2012.12.02"]
[Round "4.7"]
[White "Ceglar, Michael"]
[Black "Lutzky, Manfred"]
[Result "0-1"]
[WhiteElo "1873"]
[BlackElo "1923"]
[PlyCount "112"]
[EventDate "2012.??.??"]
[WhiteTeam "SC Postbauer-Heng e.V. 1"]
[BlackTeam "SC Noris-Tarrasch N 1873 e.V. 3"]

1. e4 e5 2. f4 Qh4+ 3. g3 Qe7 4. fxe5 d6 5. Nc3 dxe5 6. Nd5 Qd6 7. Nf3 Nf6 8.
Nxf6+ Qxf6 9. Be2 Bc5 10. c3 Bh3 11. d4 exd4 12. e5 Qb6 13. Nxd4 Nc6 14. Bg4
Bg2 15. Rg1 Bd5 16. e6 O-O 17. Rf1 Nxd4 18. cxd4 Bxd4 19. Rf4 c5 20. Bf5 g6 21.
Qg4 Bxe6 22. Bxe6 Qxe6+ 23. Kf1 Qxg4 24. Rxg4 f5 25. Rf4 b6 26. Rb1 Rfe8 27. b4
Re6 28. Bb2 Rd8 29. a4 Kf7 30. a5 Red6 31. Ba3 Be3 32. bxc5 Bxc5 33. Bxc5 bxc5
34. Rc4 Rd1+ 35. Rxd1 Rxd1+ 36. Ke2 Rd5 37. Rc3 Ke6 38. Ke3 Kd6 39. Kf4 h6 40.
h4 Rd4+ 41. Ke3 Kc6 42. Ra3 Kb5 43. Ra2 Ra4 44. Rb2+ Kc4 45. Rd2 Ra3+ 46. Kf4
Rd3 47. Re2 Rd4+ 48. Kf3 Re4 49. Rd2 Re6 50. Kf4 h5 51. Rb2 Kd5 52. Rd2+ Kc6
53. Rb2 c4 54. Rb8 Kc5 55. Rb1 c3 56. Rb7 c2 0-1

[Event "SC Noris-Tarrasch N 1873 e.V. 3-SC Postb"]
[Site "?"]
[Date "2012.12.02"]
[Round "4.1"]
[White "Bauer, Andreas"]
[Black "Martin, Thomas"]
[Result "0-1"]
[WhiteElo "2088"]
[BlackElo "2205"]
[PlyCount "124"]
[EventDate "2012.??.??"]
[WhiteTeam "SC Postbauer-Heng e.V. 1"]
[BlackTeam "SC Noris-Tarrasch N 1873 e.V. 3"]

1. e4 Nf6 2. e5 Nd5 3. c4 Nb6 4. c5 Nd5 5. Bc4 e6 6. d4 b6 7. cxb6 axb6 8. Nf3
Be7 9. Nc3 Nxc3 10. bxc3 O-O 11. O-O Ba6 12. Qe2 Bxc4 13. Qxc4 d5 14. exd6 Bxd6
15. Bg5 Qd7 16. a4 Nc6 17. Rfd1 Ra5 18. g3 Rfa8 19. d5 Rxd5 20. Rxd5 exd5 21.
Qxd5 Ra5 22. Qd1 Qf5 23. Be3 h6 24. Nd4 Nxd4 25. cxd4 Qh3 26. Qf3 Qd7 27. Qd1
Be7 28. h4 Bf6 29. Rc1 Bd8 30. Rc4 Rd5 31. Qf3 Qe6 32. Rc1 Ra5 33. Qd1 Qe4 34.
Kh2 Rd5 35. Qc2 Qxc2 36. Rxc2 f5 37. Kg2 Kf7 38. Kf3 Ke6 39. Ke2 Ra5 40. Rc4
Kd5 41. Kd3 g5 42. hxg5 hxg5 43. f3 c6 44. Bd2 Ra7 45. a5 g4 46. fxg4 fxg4 47.
Bb4 Rf7 48. Ke3 Rf3+ 49. Ke2 bxa5 50. Be1 Bb6 51. Bxa5 Bxa5 52. Rc5+ Kxd4 53.
Rxa5 c5 54. Ra8 Rxg3 55. Kf2 Rf3+ 56. Kg2 c4 57. Rg8 Rf4 58. Kg3 Re4 59. Rd8+
Kc3 60. Rg8 Kc2 61. Rxg4 Rxg4+ 62. Kxg4 Kd2 0-1

[Event "SC Noris-Tarrasch N 1873 e.V. 3-SC Postb"]
[Site "?"]
[Date "2012.12.02"]
[Round "4.2"]
[White "Wulfmeyer, Johannes"]
[Black "Röber, Jürgen"]
[Result "1-0"]
[WhiteElo "2117"]
[BlackElo "2066"]
[PlyCount "55"]
[EventDate "2012.??.??"]
[WhiteTeam "SC Noris-Tarrasch N 1873 e.V. 3"]
[BlackTeam "SC Postbauer-Heng e.V. 1"]

1. c4 Nf6 2. Nc3 d5 3. cxd5 Nxd5 4. g3 Nxc3 5. bxc3 Bd7 6. Bg2 Bc6 7. Nf3 g6 8.
O-O Bg7 9. Qc2 O-O 10. a4 e5 11. d3 Nd7 12. Nd2 Bxg2 13. Kxg2 c5 14. Nc4 Qc7
15. Bd2 Nb6 16. Qa2 Qc6+ 17. f3 Nxc4 18. Qxc4 b6 19. Rfb1 Kh8 20. a5 f5 21.
axb6 axb6 22. Rxa8 Rxa8 23. Kf2 Rb8 24. Be3 Bf8 25. Qf7 e4 26. Bf4 Qb7 27. Be5+
Bg7 28. Bxg7# 1-0

[Event "SC Noris-Tarrasch N 1873 e.V. 3-SC Postb"]
[Site "?"]
[Date "2012.12.02"]
[Round "4.3"]
[White "Sippl, Martin"]
[Black "Seeger, Peter"]
[Result "1/2-1/2"]
[WhiteElo "1989"]
[BlackElo "2029"]
[PlyCount "28"]
[EventDate "2012.??.??"]
[WhiteTeam "SC Postbauer-Heng e.V. 1"]
[BlackTeam "SC Noris-Tarrasch N 1873 e.V. 3"]

1. e4 c5 2. Nf3 d6 3. c3 Nf6 4. Be2 e6 5. O-O Nc6 6. d3 d5 7. e5 Nd7 8. Bf4 a6
9. Re1 Be7 10. Bf1 g5 11. Bg3 h5 12. h3 Nf8 13. Na3 Ng6 14. Nc2 Bd7 1/2-1/2

[Event "SC Noris-Tarrasch N 1873 e.V. 3-SC Postb"]
[Site "?"]
[Date "2012.12.02"]
[Round "4.4"]
[White "Karasek, Christian"]
[Black "Fischer, Erich"]
[Result "1-0"]
[WhiteElo "2030"]
[BlackElo "1979"]
[PlyCount "57"]
[EventDate "2012.??.??"]
[WhiteTeam "SC Noris-Tarrasch N 1873 e.V. 3"]
[BlackTeam "SC Postbauer-Heng e.V. 1"]

1. e4 d6 2. d4 g6 3. Nc3 Bg7 4. f4 c6 5. Nf3 Nf6 6. a4 a5 7. Bd3 Na6 8. e5 dxe5
9. fxe5 Nd5 10. Ne4 O-O 11. O-O Bg4 12. c3 Nac7 13. Qe2 Ne6 14. Qf2 f6 15. Qh4
Bf5 16. Nc5 Nxc5 17. Bxf5 Nb3 18. Be6+ Kh8 19. Rb1 Nxc1 20. Rbxc1 Qb6 21. Rf2
g5 22. Qe4 Nf4 23. Bf5 h6 24. g3 e6 25. exf6 Rxf6 26. Bg4 Nd5 27. Rcf1 c5 28.
Ne5 Re8 29. Nd7 1-0

[Event "SC Noris-Tarrasch N 1873 e.V. 3-SC Postb"]
[Site "?"]
[Date "2012.12.02"]
[Round "4.5"]
[White "Grimm, Pascal"]
[Black "Reiser, Wolfgang"]
[Result "1/2-1/2"]
[WhiteElo "1898"]
[BlackElo "2014"]
[PlyCount "139"]
[EventDate "2012.??.??"]
[WhiteTeam "SC Postbauer-Heng e.V. 1"]
[BlackTeam "SC Noris-Tarrasch N 1873 e.V. 3"]

1. b3 e5 2. Bb2 Nc6 3. e3 Nf6 4. d4 exd4 5. exd4 d5 6. Nf3 Bd6 7. Be2 O-O 8.
O-O Bg4 9. c4 Re8 10. Re1 dxc4 11. bxc4 Bxf3 12. Bxf3 Rxe1+ 13. Qxe1 Qd7 14.
Qc3 Re8 15. Nd2 Nd8 16. Nf1 Qf5 17. Ng3 Qg6 18. Re1 Rxe1+ 19. Qxe1 Qc2 20. Qc1
Qxc1+ 21. Bxc1 c6 22. Kf1 Ne6 23. Be3 a5 24. Ne4 Nxe4 25. Bxe4 Nc7 26. Ke2 g6
27. f4 f5 28. Bf3 Kf7 29. g3 Ke6 30. Kd3 Kd7 31. c5 Be7 32. Bd2 a4 33. Bd1 Na6
34. Kc4 a3 35. Ba5 Nc7 36. Bf3 Bf6 37. Bd2 Ke6 38. Bc1 Nb5 39. Be3 Nc7 40. Bd1
Nd5 41. Bc1 h6 42. Bf3 Nc7 43. Be3 Bg7 44. Bf2 Bf6 45. Be2 Kd7 46. Kb3 Ne6 47.
Kc4 Nc7 48. Bd1 Bg7 49. Bb3 Nd5 50. Kd3 Nb4+ 51. Kd2 g5 52. fxg5 hxg5 53. Bc4
Na6 54. Kc2 Nc7 55. Kb3 Ne6 56. d5 Nd4+ 57. Kxa3 Nf3 58. h3 Nd2 59. Kb4 Ne4 60.
Be1 Be5 61. h4 gxh4 62. gxh4 Bd4 63. Bd3 Bxc5+ 64. Kc4 Be3 65. dxc6+ Kxc6 66.
h5 Nd6+ 67. Kc3 Kd5 68. Kb4 Kd4 69. Be2 Ke4 70. a4 1/2-1/2

[Event "SC Noris-Tarrasch N 1873 e.V. 3-SC Postb"]
[Site "?"]
[Date "2012.12.02"]
[Round "4.6"]
[White "Krauß, Hermann"]
[Black "Hoffmann, Ayar"]
[Result "1/2-1/2"]
[WhiteElo "1987"]
[BlackElo "1839"]
[PlyCount "50"]
[EventDate "2012.??.??"]
[WhiteTeam "SC Noris-Tarrasch N 1873 e.V. 3"]
[BlackTeam "SC Postbauer-Heng e.V. 1"]

1. c4 e5 2. Nc3 Nf6 3. Nf3 Nc6 4. g3 Nd4 5. Bg2 Nxf3+ 6. Bxf3 Bb4 7. Qc2 c6 8.
a3 Be7 9. O-O O-O 10. Qb3 d6 11. Bg2 Qc7 12. d3 Be6 13. Qa4 a6 14. Bd2 Qd7 15.
Rfc1 d5 16. cxd5 Nxd5 17. Nxd5 Bxd5 18. Qa5 Bxg2 19. Kxg2 Rac8 20. Rc2 Bd6 21.
f3 Qe7 22. Rac1 f5 23. Rc4 Rf7 24. R1c2 g5 25. Bb4 Re8 1/2-1/2

[Event "SC Noris-Tarrasch N 1873 e.V. 3-SC Postb"]
[Site "?"]
[Date "2012.12.02"]
[Round "4.8"]
[White "Pranschke, Gerd"]
[Black "Firla, Erwin"]
[Result "1/2-1/2"]
[WhiteElo "1887"]
[BlackElo "1868"]
[PlyCount "59"]
[EventDate "2012.??.??"]
[WhiteTeam "SC Noris-Tarrasch N 1873 e.V. 3"]
[BlackTeam "SC Postbauer-Heng e.V. 1"]

1. e4 e5 2. d4 exd4 3. Qxd4 Nc6 4. Qe3 d6 5. Nc3 Nf6 6. h3 Be7 7. Bd2 O-O 8.
O-O-O d5 9. exd5 Nxd5 10. Qg3 Bh4 11. Qf3 Nxc3 12. Bxc3 Qg5+ 13. Kb1 Qf5 14. g3
Qxf3 15. Nxf3 Be7 16. Ne5 Nxe5 17. Bxe5 c6 18. Bd3 Be6 19. f4 f6 20. Bc3 Bc5
21. g4 Bd5 22. Rh2 Rad8 23. Re1 Rfe8 24. Rhe2 Rxe2 25. Rxe2 h6 26. b3 Bf3 27.
Re1 Bd5 28. Kb2 Kf8 29. Bd2 Re8 30. Bf1 1/2-1/2

[Event "SK Schwanstetten 79 e.V. 1-Schachzentrum"]
[Site "?"]
[Date "2012.12.02"]
[Round "4.2"]
[White "Kroneder, Christian"]
[Black "Teslof, Rihart"]
[Result "1-0"]
[WhiteElo "2014"]
[BlackElo "1847"]
[PlyCount "75"]
[EventDate "2012.??.??"]
[WhiteTeam "SK Schwanstetten 79 e.V. 1"]
[BlackTeam "Schachzentrum Fürth 2002 1"]

1. e4 e5 2. Nf3 d6 3. d4 Nc6 4. Bb5 exd4 5. Nxd4 Bd7 6. Bc4 Ne5 7. Be2 Nf6 8.
Nc3 Be7 9. O-O O-O 10. f4 Nc6 11. Be3 Nxd4 12. Bxd4 c5 13. Be3 Bc6 14. Bf3 Qb6
15. Rb1 Qc7 16. Qe2 a6 17. a4 Rab8 18. g4 b5 19. g5 Nd7 20. axb5 axb5 21. Rfd1
Rfd8 22. Nd5 Bxd5 23. Rxd5 f6 24. h4 Nb6 25. Rdd1 Nc4 26. Bc1 Qc8 27. b3 Na5
28. Bg4 Qc7 29. Bb2 Rf8 30. e5 fxe5 31. fxe5 Nc6 32. exd6 Bxd6 33. Qe6+ Kh8 34.
Rxd6 Nd4 35. Qd7 Qa5 36. Rxd4 Rbd8 37. Qxg7+ Kxg7 38. Ra4+ 1-0

[Event "SK Schwanstetten 79 e.V. 1-Schachzentrum"]
[Site "?"]
[Date "2012.12.02"]
[Round "4.3"]
[White "Tesch, Wladimir"]
[Black "Cipra, Lothar"]
[Result "0-1"]
[WhiteElo "1692"]
[BlackElo "1953"]
[PlyCount "42"]
[EventDate "2012.??.??"]
[WhiteTeam "Schachzentrum Fürth 2002 1"]
[BlackTeam "SK Schwanstetten 79 e.V. 1"]

1. c4 Nf6 2. Nc3 d5 3. cxd5 Nxd5 4. e4 Nxc3 5. bxc3 e5 6. Qb3 Bd6 7. Nf3 O-O 8.
a4 b6 9. a5 Nc6 10. Qd5 Bd7 11. a6 Ne7 12. Qb3 Be6 13. Qb1 Ng6 14. g3 Bc5 15.
h3 f5 16. d3 fxe4 17. dxe4 Rxf3 18. Rh2 Qf6 19. Qc2 Rf8 20. Ba3 Bxf2+ 21. Ke2
Bxg3 0-1

[Event "SK Schwanstetten 79 e.V. 1-Schachzentrum"]
[Site "?"]
[Date "2012.12.02"]
[Round "4.4"]
[White "Arlt, Michael"]
[Black "Engel, Waldemar"]
[Result "1/2-1/2"]
[WhiteElo "1925"]
[BlackElo "1540"]
[PlyCount "29"]
[EventDate "2012.??.??"]
[WhiteTeam "SK Schwanstetten 79 e.V. 1"]
[BlackTeam "Schachzentrum Fürth 2002 1"]

1. d4 Nf6 2. Nf3 g6 3. c4 d6 4. Nc3 c6 5. Bg5 Bg7 6. Qd2 O-O 7. Bh6 Bg4 8. e4
Bxf3 9. gxf3 e5 10. Bxg7 Kxg7 11. f4 Nh5 12. f5 Nd7 13. O-O-O Ndf6 14. Bg2 a6
15. Bf3 1/2-1/2

[Event "SK Schwanstetten 79 e.V. 1-Schachzentrum"]
[Site "?"]
[Date "2012.12.02"]
[Round "4.6"]
[White "Vogt, Peter"]
[Black "Akopdjanian, Martin"]
[Result "1-0"]
[WhiteElo "1885"]
[BlackElo "1625"]
[PlyCount "49"]
[EventDate "2012.??.??"]
[WhiteTeam "SK Schwanstetten 79 e.V. 1"]
[BlackTeam "Schachzentrum Fürth 2002 1"]

1. e4 c5 2. Nf3 Nc6 3. d4 cxd4 4. Nxd4 e6 5. c4 Bb4+ 6. Bd2 Bxd2+ 7. Qxd2 Nf6
8. Nc3 O-O 9. Be2 d5 10. cxd5 exd5 11. exd5 Nxd5 12. O-O Nxd4 13. Qxd4 Nxc3 14.
Qxc3 Be6 15. Bf3 Qb6 16. a4 Rac8 17. a5 Qb5 18. Qd4 Rfd8 19. Qxa7 Qxb2 20. Qxb7
Qe5 21. a6 Rc7 22. Qb6 Rdc8 23. a7 Qxa1 24. Qxc7 Qa6 25. Qxc8+ 1-0

[Event "SK Schwanstetten 79 e.V. 1-Schachzentrum"]
[Site "?"]
[Date "2012.12.02"]
[Round "4.7"]
[White "Tschernischew, Boris"]
[Black "Schulz, Wilfried"]
[Result "0-1"]
[WhiteElo "1455"]
[BlackElo "1859"]
[PlyCount "86"]
[EventDate "2012.??.??"]
[WhiteTeam "Schachzentrum Fürth 2002 1"]
[BlackTeam "SK Schwanstetten 79 e.V. 1"]

1. e4 d5 2. exd5 Qxd5 3. d4 Nc6 4. Be3 e5 5. c4 Qa5+ 6. Bd2 Bb4 7. d5 Nd4 8. a3
Bxd2+ 9. Nxd2 c5 10. dxc6 Nxc6 11. b4 Qc7 12. Bd3 Nf6 13. Ngf3 Bg4 14. Qc2 Rd8
15. O-O O-O 16. Rae1 Qd7 17. Re3 Rfe8 18. Ne4 Nxe4 19. Bxe4 h6 20. Bd5 Bf5 21.
Qc3 e4 22. Nd4 Bh7 23. Rg3 g6 24. Re1 Ne7 25. Rxe4 Nxd5 26. Rxe8+ Rxe8 27. cxd5
Qxd5 28. h3 g5 29. h4 Rd8 30. Nf3 Bf5 31. Nxg5 Qd1+ 32. Kh2 hxg5 33. Rxg5+ Bg6
34. h5 Rd5 35. h6 Qd4 36. Qc8+ Kh7 37. Rg3 Rh5+ 38. Rh3 Bf5 39. Qxb7 Qf4+ 40.
Kg1 Bxh3 41. gxh3 Rg5+ 42. Kf1 Qc4+ 43. Ke1 Re5+ 0-1

[Event "SW Nürnberg Süd e.V. 3-SK Nürnberg 1911 "]
[Site "?"]
[Date "2012.12.02"]
[Round "4.1"]
[White "Fuchs, Gerhard"]
[Black "Luther, Helmut"]
[Result "0-1"]
[WhiteElo "2073"]
[BlackElo "1953"]
[PlyCount "88"]
[EventDate "2012.??.??"]
[WhiteTeam "SK Nürnberg 1911 e.V. 1"]
[BlackTeam "SW Nürnberg Süd e.V. 3"]

1. Nf3 d5 2. g3 c6 3. Bg2 Nf6 4. O-O Nbd7 5. d3 e5 6. e4 dxe4 7. dxe4 Be7 8.
Nbd2 O-O 9. b3 Qc7 10. Bb2 b5 11. a4 Bb7 12. Qe2 a6 13. Nh4 Rfe8 14. Nf5 Bf8
15. c4 bxa4 16. Rxa4 Nc5 17. Ra2 Rad8 18. Bc3 Qb8 19. Ba5 Rd7 20. b4 Ne6 21. c5
Nd4 22. Nxd4 Rxd4 23. Nb3 Rd7 24. Bh3 Rde7 25. Rd1 Bc8 26. Bxc8 Qxc8 27. Bb6 g6
28. Na5 Rd7 29. f3 Bh6 30. Nc4 Rxd1+ 31. Qxd1 Qe6 32. Qe2 Ra8 33. Ra1 Ne8 34.
Rd1 Bg5 35. Qd3 h5 36. Qc3 h4 37. Kg2 h3+ 38. Kg1 f5 39. exf5 gxf5 40. Re1 e4
41. fxe4 fxe4 42. Qd4 Nf6 43. Qe5 Qg4 44. Nd6 Be3+ 0-1

[Event "SW Nürnberg Süd e.V. 3-SK Nürnberg 1911 "]
[Site "?"]
[Date "2012.12.02"]
[Round "4.2"]
[White "Thürauf, Peter"]
[Black "Höwel, Karl-Adolf"]
[Result "1-0"]
[WhiteElo "1851"]
[BlackElo "2019"]
[PlyCount "53"]
[EventDate "2012.??.??"]
[WhiteTeam "SW Nürnberg Süd e.V. 3"]
[BlackTeam "SK Nürnberg 1911 e.V. 1"]

1. d4 d5 2. Nf3 Nf6 3. c4 e6 4. Nc3 Be7 5. Bg5 O-O 6. e3 Nbd7 7. Rc1 c6 8. Bd3
dxc4 9. Bxc4 Nd5 10. Bxe7 Qxe7 11. O-O Nxc3 12. Rxc3 e5 13. Qb1 exd4 14. exd4
Nb6 15. Bb3 Qd8 16. Re1 Nd5 17. Bxd5 Qxd5 18. Re5 Qd6 19. Qe4 g6 20. Re3 Be6
21. Qh4 Bxa2 22. Ng5 h5 23. Ne4 Qd8 24. Nf6+ Kg7 25. Nxh5+ Kh6 26. Nf6+ Kg7 27.
Qh7+ 1-0

[Event "SW Nürnberg Süd e.V. 3-SK Nürnberg 1911 "]
[Site "?"]
[Date "2012.12.02"]
[Round "4.3"]
[White "Walter, Markus"]
[Black "Billmann, Andreas"]
[Result "1-0"]
[WhiteElo "1946"]
[BlackElo "1915"]
[PlyCount "63"]
[EventDate "2012.??.??"]
[WhiteTeam "SK Nürnberg 1911 e.V. 1"]
[BlackTeam "SW Nürnberg Süd e.V. 3"]

1. e4 d6 2. d4 g6 3. Nc3 c6 4. Be3 Bg7 5. Qd2 b5 6. Bd3 Bb7 7. f4 Nd7 8. Nf3
Ngf6 9. e5 Ng4 10. Bg1 dxe5 11. dxe5 Nb6 12. O-O-O Qc7 13. h3 Nh6 14. Bh2 Rd8
15. Qe2 a5 16. Rhe1 b4 17. Ne4 a4 18. Nd6+ Kf8 19. Nxb7 Qxb7 20. Ba6 Rxd1+ 21.
Rxd1 Qc7 22. e6 f5 23. g4 Nd5 24. g5 Ng8 25. Bc4 Bxb2+ 26. Kxb2 a3+ 27. Kb3 Nc3
28. Qd3 Nxd1 29. Qxd1 h6 30. Qd7 Qd6 31. Ne5 Kg7 32. Qe8 1-0

[Event "SW Nürnberg Süd e.V. 3-SK Nürnberg 1911 "]
[Site "?"]
[Date "2012.12.02"]
[Round "4.4"]
[White "Lais, Thomas"]
[Black "Pannek, Matthias"]
[Result "1/2-1/2"]
[WhiteElo "1908"]
[BlackElo "1957"]
[PlyCount "43"]
[EventDate "2012.??.??"]
[WhiteTeam "SW Nürnberg Süd e.V. 3"]
[BlackTeam "SK Nürnberg 1911 e.V. 1"]

1. e4 c5 2. Nf3 d6 3. d4 cxd4 4. Nxd4 Nf6 5. Nc3 g6 6. Be3 Bg7 7. f3 O-O 8. Qd2
Nc6 9. Bc4 Bd7 10. h4 Ne5 11. Bb3 Rc8 12. O-O-O h5 13. Bh6 Nc4 14. Bxc4 Rxc4
15. Bxg7 Kxg7 16. Kb1 Qa5 17. Nb3 Qc7 18. Nd5 Nxd5 19. exd5 Bf5 20. Nd4 Bd7 21.
g4 Rh8 22. Qe2 1/2-1/2

[Event "SW Nürnberg Süd e.V. 3-SK Nürnberg 1911 "]
[Site "?"]
[Date "2012.12.02"]
[Round "4.5"]
[White "Roßbach, Knut"]
[Black "Stolpynskyy, Mark"]
[Result "1-0"]
[WhiteElo "1925"]
[BlackElo "1950"]
[PlyCount "73"]
[EventDate "2012.??.??"]
[WhiteTeam "SK Nürnberg 1911 e.V. 1"]
[BlackTeam "SW Nürnberg Süd e.V. 3"]

1. e4 d6 2. Nc3 c5 3. f4 Nc6 4. Nf3 e6 5. Bc4 g6 6. O-O Bg7 7. d3 Nge7 8. Qe1
O-O 9. Qh4 Nd4 10. f5 f6 11. fxe6 Bxe6 12. Nxd4 Bxc4 13. dxc4 cxd4 14. Nd5 Nxd5
15. exd5 Qb6 16. Qf2 f5 17. Bf4 Rfe8 18. Rae1 Re4 19. b3 Rae8 20. Rxe4 Rxe4 21.
Kh1 Qd8 22. Bd2 Qe7 23. Re1 b6 24. Kg1 h6 25. Kf1 Kh7 26. g3 Bf6 27. Qf3 Kg7
28. c3 Qe5 29. cxd4 Qxd4 30. Rxe4 fxe4 31. Qe2 g5 32. h4 Qa1+ 33. Be1 Qe5 34.
Qg4 Be7 35. h5 Kf6 36. Ke2 Qf5 37. Bc3+ 1-0